Vertikálne mesto - eVolo 2019 Skyscraper competition
Salvato in:
| Autore principale: | |
|---|---|
| Altri autori: | |
| Natura: | Manoscritto Libro |
| Lingua: | slovacco |
| Pubblicazione: |
Bratislava
2019
|
| Soggetti: | |
| Accesso online: | http://is.stuba.sk/zp/portal_zp.pl?podrobnosti=146801 |
| Tags: |
Nessun Tag, puoi essere il primo ad aggiungerne!!
|
MARC
| LEADER | 00000ntm a22000003a 4500 | ||
|---|---|---|---|
| 001 | stuzp73020 | ||
| 003 | SK-STU | ||
| 005 | 20200911075959.7 | ||
| 007 | ta | ||
| 008 | 150427s2015----xo-----f-mn---000-0-slo-d | ||
| 040 | |a STU |b slo | ||
| 041 | 0 | |a slo | |
| 100 | 1 | |a Krajč, Filip |u 058180 |k Z4 |4 aut |U FAD Fakulta architektúry |T FA Ústav architektúry občianskych budov |X 65338 |U A8180 |Y 399 |7 65338 | |
| 242 | 0 | 1 | |a eVolo 2019 Skyscraper competition – Vertical City |y eng |
| 245 | 1 | 0 | |a Vertikálne mesto - eVolo 2019 Skyscraper competition |
| 260 | |c 2019 |a Bratislava | ||
| 650 | 4 | |a elektráreň |2 slo | |
| 650 | 4 | |a Vertikálne |2 slo | |
| 650 | 4 | |a mesto |2 slo | |
| 650 | 4 | |a mrakodrap |2 slo | |
| 650 | 4 | |a Vertical city |2 eng | |
| 650 | 4 | |a Skyscraper |2 eng | |
| 650 | 4 | |a Powerplant |2 eng | |
| 700 | 1 | |a Oravcová, Eva |u 058180 |k Z1 |4 ths |U FAD Fakulta architektúry |T FA Ústav architektúry občianskych budov |X 411 |U A8180 |Y 399 |7 A000000411 | |
| 856 | 4 | |u http://is.stuba.sk/zp/portal_zp.pl?podrobnosti=146801 |u https://opac.crzp.sk/?fn=detailBiblioForm&sid=9F8942B94996237AABFB1CF666DC | |